S.Chand's a mirror of bank clerk english : (Record no. 102940)

MARC details
000 -LEADER
fixed length control field 00627nam a22002057a 4500
005 - DATE AND TIME OF LATEST TRANSACTION
control field 20160831162712.0
010 ## - LCCN (DPL NO)
LC control number ENG-115881
020 ## - INTERNATIONAL STANDARD BOOK NUMBER
International Standard Book Number 9789352531110
Terms of availability 195.00
035 ## - SYSTEM CONTROL NUMBER
System control number EN-99413480
037 ## - SOURCE OF ACQUISITION
Source of stock number/acquisition DBAD/PUB
082 ## - DEWEY DECIMAL CLASSIFICATION NUMBER
Classification number 480
100 ## - MAIN ENTRY--PERSONAL NAME
Personal name Ashok Kumar Singh
245 ## - TITLE STATEMENT
Title S.Chand's a mirror of bank clerk english :
Remainder of title for All bank Cleark examinations /
Statement of responsibility, etc by Ashok Kumar Singh
260 ## - PUBLICATION, DISTRIBUTION, ETC. (IMPRINT)
Place of publication, distribution, etc New Delhi
Name of publisher, distributor, etc S.Chand & Company
Date of publication, distribution, etc 2016
270 ## - ADDRESS
Address 7361,Ram Nagar
City New Delhi
Postal code 110055
300 ## - PHYSICAL DESCRIPTION
Extent 262p.
Dimensions 24cm(pbk)
700 ## - ADDED ENTRY--PERSONAL NAME
Personal name Khurana,KJS
700 ## - ADDED ENTRY--PERSONAL NAME
Personal name Markanday,Rajeev
942 ## - ADDED ENTRY ELEMENTS (KOHA)
Source of classification or shelving scheme Dewey Decimal Classification
Item type English Books
Classification part 480
Call number suffix ASH
Holdings
Withdrawn status Lost status Not for loan Collection code Home library Current library Date acquired Source of acquisition Cost, normal purchase price Full call number Barcode Copy number Cost, replacement price Koha item type
      Non-fiction Patel Nagar Patel Nagar 31/08/2016 DBAD/PUB 195.00 480 ASH EN-99413 1 195.00 English Books

© Delhi Public Library
Hit Counter
free hit counter